Statistiques concernant Batman's vilains

Cliquez ici pour prendre le quiz!

Statistiques générales

  • Ce quiz a été pris 136 fois
  • Le résultat moyen est 16 sur 70

Statistiques - réponses

NameVilains% Correct
Jack NapierJoker
97%
Jason ToddRed hood
64%
Harleen QuinzelHarley quinn
61%
Selina KyleCatwoman
60%
Pamela IsleyPoison ivy
52%
Clark KentSuperman
51%
Victor FriesMister freeze
48%
????Bane
45%
Edward NigmaThe riddler
45%
Waylon JonesKiller croc
43%
Ra's al GhulRa's al ghul
43%
Kirk LangstromMan bat
42%
Harvey DentTwo face
42%
Floyd LawtonDeadshot
41%
Jonathan CraneScarecrow
40%
Basil KarloClayface
39%
Matt HagenClayface
39%
Sondra FullerClayface
39%
Preston PayneClayface
39%
Talia al Ghul
Talia al ghul
38%
Slade WilsonDeathstroke
37%
Roman SionisBlack mask
36%
Hugo StrangeHugo strange
36%
Oswald CobblepotPenguin
34%
Victor ZsaszVictor zsasz
32%
Jervis TetchMad hatter
29%
Garfield LynnsFirefly
28%
Carmine FalconeCarmine falcone
26%
Lonnie MachinAnarky
25%
Jason ToddArkham knight
25%
Thomas ElliotHush
25%
Cyrus GoldSolomon grundy
24%
Salvatore MaroniSalvatore maroni
23%
Julian DayCalendar man
22%
Joe ChillJoe chill
22%
Arnold WeskerVentriloquist
18%
Peyton RileyVentriloquist
18%
Lady Shiva
Lady shiva
17%
Warren WhiteGreat white shark
17%
Lazlo ValentineProfessor pyg
17%
James Gordon JrJames gordon jr
16%
Drury WalkerKiller moth
16%
Thomas BlakeCatman
13%
Maximillian ZeusMaxie zeus
13%
Thomas Wayne Jr.Owlman
10%
Otis FlanneganRatcatcher
8%
Simon HurtSimon hurt
8%
Arthur BrownCluemaster
7%
William TockmanClock King
6%
Roland DaggettRoland daggett
6%
Grace BalinOrca
5%
Abner KrillPolka-dot man
5%
Arnold EtchisonAbattoir
4%
Ben TurnerBronze tiger
4%
????Condiment king
4%
Curt CalhounPrometheus
4%
Mike PattenThe answer
4%
Dick LyonsCrimson knight
3%
Calvin RoseTalon
3%
Derrick CoeBlack spider
2%
John La MonicaBlack spider
2%
Eric NeedhamBlack spider
2%
Mark DesmondBlockbuster
2%
Alexander SartoriusDoctor phosphorus
2%
Barton MathisDollmaker
2%
Andrea BeaumontPhantasm
2%
Una NemoThe absence
2%
Lloyd VentrixMojo
1%
Carl FowlerNostromos
1%
Silviano RomeroCheer
0%

Distribution des résultats

Percentile par nombre de réponses

% des personnes avec chaque résultat

Votre développement - résultats

Vous n’avez pas pris ce quiz